How Many Video Game Franchises can you Name? - Statistics

General Stats
  • This quiz has been taken 145 times
    137 since last reset
  • The average score is 17 of 134
Answer Stats
Answer % Correct
Super Mario Bros.
88%
Call of Duty
69%
Grand Theft Auto
68%
The Legend of Zelda
57%
Halo
54%
Pokemon
53%
Sonic the Hedgehog
53%
Minecraft
43%
Street Fighter
41%
Pac-Man
37%
Super Smash Bros.
37%
Metroid
35%
Mortal Kombat
35%
Fifa
34%
Kirby
34%
Metal Gear
34%
Final Fantasy
32%
Mario Kart
32%
Crash Bandicoot
31%
Resident Evil
29%
God of War
28%
Red Dead Redemption
26%
The Elder Scrolls
26%
Fortnite
25%
Tetris
25%
NBA
24%
Tekken
24%
Wii Sports
24%
Doom
22%
Madden
22%
Mega Man
22%
Pikmin
22%
Tomb Raider
21%
Animal Crossing
19%
Fallout
19%
Gears of War
19%
Lego
19%
Mario Party
19%
F-Zero
15%
Roblox
15%
Castlevania
13%
Far Cry
12%
Half-Life
12%
Kid Icarus
12%
Punch Out!!
12%
Star Fox
12%
Warcraft
12%
Wii Fit
12%
Diablo
10%
Fire Emblem
10%
Mother
10%
Sims
10%
Spyro
10%
Warioware
10%
Dragon Quest
9%
Kingdom Hearts
9%
Luigi's Mansion
9%
Need for Speed
9%
Space Invaders
9%
Ace Attorney
7%
Age of Empire
7%
Assasin's Creed
7%
Overwatch
7%
Sim City
7%
Skylanders
7%
Star Craft
7%
Yoshi's Island
7%
Battlefront
6%
Bayonetta
6%
Borderlands
6%
Donkey Kong Country
6%
Portal
6%
Splatoon
6%
Angry Birds
4%
Destiny
4%
Marvel vs Capcom
4%
Monster Hunter
4%
Pong
4%
PUBG
4%
Star Wars Battlefront
4%
Bomber Man
3%
Dance Dance Revolution
3%
Guilty Gear
3%
Shenmue
3%
Undertale
3%
Xenoblade Chronicles
3%
Ace Combat
1%
Call of Duty Blackops
1%
Danganronpa
1%
Disney Infinity
1%
Golden Axe
1%
Katamari
1%
Medal of Honor
1%
Modern Warfare
1%
Overcooked
1%
Payday
1%
Professor Layton
1%
Tom Clancy's
1%
1-2-Switch
0%
Animal Jam
0%
Anthem
0%
Box Boy
0%
Brain Age
0%
Bubble Bobble
0%
Chibi-Robo
0%
Cuphead
0%
Deer Hunter
0%
Dynasty Warriors
0%
Fire Emblem Warriors
0%
Golden Sun
0%
Hyrule Warriors
0%
Life is Strange
0%
Megami Tensei
0%
Might and Magic
0%
New Super Mario Bros.
0%
Ni No Kun
0%
Phantasy Star
0%
Pitfall
0%
Plants vs Zombies Garden Warfare
0%
Pokemon Rangers
0%
Prince of Perasia
0%
Puyo Puyo
0%
Puzzle League
0%
Sega Racing All Stars
0%
Shining
0%
Spder-Man
0%
Super Robot Wars
0%
Sushi Strikers
0%
Tokyo Mirage Sessions
0%
Total War
0%
Virtua Fighter
0%
Wonderful 101
0%
Yokai Watch
0%
Zoo Tycoon
0%
No matching quizzes found
Score Distribution
Percent of People with Each Score
Percentile by Number Answered
Your Score History
You have not taken this quiz since the last reset